Algoritmy

Na minha lista:
Detalhes bibliográficos
Autor principal: Wróblewski, Piotr
Outros Autores: Goner, Jakub
Formato: Livro
Idioma:tcheco
Publicado em: Brno Computer Press 2015
Assuntos:
Tags: Adicionar Tag
Sem tags, seja o primeiro a adicionar uma tag!

MARC

LEADER 00000nam a2200000 4500
001 0201829
005 20240313132726.3
020 |a 9788025141267 
041 0 |a cze 
044 |a CZ 
245 1 0 |a Algoritmy  |c Piotr Wróblewski ; překlad: Jakub Goner 
264 1 |a Brno  |b Computer Press  |c 2015 
300 |a 367 s. 
610 2 0 |a programy počítačové 
610 2 0 |a softvér 
610 2 0 |a algoritmy 
610 2 0 |a programovanie 
610 2 0 |a analýzy 
610 2 0 |a optimalizácia 
610 2 0 |a spracovanie dát 
610 2 0 |a počítače 
100 1 |a Wróblewski, Piotr 
700 1 |a Goner, Jakub